Las piedras hambrientas y otros cuentos / (Record no. 128555)

MARC details
000 -LEADER
campo de control de longitud fija 00635nam a2200193 i 4500
001 - NÚMERO DE CONTROL
campo de control 128555
003 - IDENTIFICADOR DE NÚMERO DE CONTROL
campo de control ES-MaACL
005 - FECHA Y HORA DE LA ÚLTIMA TRANSACCIÓN
campo de control 20250719063315.0
007 - CAMPO FIJO DE DESCRIPCIÓN FÍSICA--INFORMACIÓN GENERAL
campo de control de longitud fija t|
008 - DATOS DE LONGITUD FIJA--INFORMACIÓN GENERAL
campo de control de longitud fija 070518s1955 sp ||||1| spa d
080 ## - NÚMERO DE LA CLASIFICACIÓN DECIMAL UNIVERSAL
Número de la Clasificación Decimal Universal 891.1-34"19"
100 1# - ENTRADA PRINCIPAL--NOMBRE DE PERSONA
Nombre de persona Tagore, Rabindranath,
Fechas asociadas al nombre 1861-1941
9 (RLIN) 109071
245 14 - MENCIÓN DEL TÍTULO
Título Las piedras hambrientas y otros cuentos /
Mención de responsabilidad, etc. Rabindranath Tagore ; traducción de Zenobia Camprubí de Jiménez.
260 ## - PUBLICACIÓN, DISTRIBUCIÓN, ETC.
Lugar de publicación, distribución, etc. Madrid :
Nombre del editor, distribuidor, etc. Afrodisio Aguado,
Fecha de publicación, distribución, etc. [1955]
300 ## - DESCRIPCIÓN FÍSICA
Extensión 285 p. ;
Dimensiones 18 cm.
700 1# - ENTRADA AGREGADA--NOMBRE PERSONAL
Nombre de persona Camprubí de Jiménez, Zenobia.
9 (RLIN) 34307
852 ## - LOCALIZACIÓN
Ubicación ES-MaACL
Número de control de estantería C-9770
Sublocalización o colección R.37578
Holdings
Estatus retirado Estado de pérdida Estado de daño No para préstamo Biblioteca de origen Biblioteca actual Ubicación en estantería Fecha de adquisición Fuente de adquisición Total de préstamos Signatura topográfica completa Código de barras Visto por última vez Precio de reemplazo Tipo de ítem Koha
        Biblioteca del Ateneo de Madrid Biblioteca del Ateneo de Madrid Sala Palomar 17/01/2008     C-9770 1133885 23/02/2023 23/02/2023 Libro impreso